000 00882nam a2200217 i 4500
001 157389
003 ES-MaACL
005 20250815113046.0
008 960320s1871 sp |||| | spa d
040 _aCLM
_bspa
_cCCPB | SIC
100 1 _aLebredo, Joaquin G.
_9128808
245 1 0 _aAplicaciones que permite hacer á la fisiología y á la Terapéutica el estado actual de la quimica orgánica /
_cpor Joaquin G. Lebredo.
260 _aMadrid :
_b[s.n.],
_c1871 (
_fImprenta y Estereotipia de M. Rivadeneyra)
300 _a131 p. ;
_c22 cm.
500 _aEn port. : "Memoria premiada en el concurso acordado por la Real Academia de Medicina de Madrid para el año de 1870"
650 7 _aQuímica orgánica
_2embne
_9136799
650 4 _aFisiología humana.
_912890
650 0 4 _aTerapéutica.
_917479
852 _aES-MaACL
_j1640-F-12
_z-- Rúst.
999 _c157389
_d157389